Research Methodology/ (Record no. 190253)
[ view plain ]
| 000 -LEADER | |
|---|---|
| fixed length control field | 00606nam a22002057a 4500 |
| 005 - DATE AND TIME OF LATEST TRANSACTION | |
| control field | 20241210171021.0 |
| 010 ## - LCCN (DPL NO) | |
| LC control number | ENG-133775 ENG-140230 ENG-142926 |
| 020 ## - INTERNATIONAL STANDARD BOOK NUMBER | |
| International Standard Book Number | 9788190820516 |
| Terms of availability | 250.00 |
| 035 ## - SYSTEM CONTROL NUMBER | |
| System control number | EN-117307 |
| 035 ## - SYSTEM CONTROL NUMBER | |
| System control number | EN-126458 |
| 035 ## - SYSTEM CONTROL NUMBER | |
| System control number | EN-123762 |
| 037 ## - SOURCE OF ACQUISITION | |
| Source of stock number/acquisition | DBAD |
| 082 ## - DEWEY DECIMAL CLASSIFICATION NUMBER | |
| Classification number | 001.42 |
| 100 ## - MAIN ENTRY--PERSONAL NAME | |
| Personal name | Kaliyaperumal,K. |
| 245 ## - TITLE STATEMENT | |
| Title | Research Methodology/ |
| Statement of responsibility, etc | by K.Kaliyaperumal |
| 260 ## - PUBLICATION, DISTRIBUTION, ETC. (IMPRINT) | |
| Name of publisher, distributor, etc | SKM Publications |
| Place of publication, distribution, etc | Chennai |
| Date of publication, distribution, etc | 2011 |
| 270 ## - ADDRESS | |
| Address | 2/248,Anna Street,Vandallur, |
| City | Chennai |
| Postal code | 600048 |
| 300 ## - PHYSICAL DESCRIPTION | |
| Extent | xxii;383p. |
| Dimensions | 21cm(pbk) |
| Other physical details | Index |
| 942 ## - ADDED ENTRY ELEMENTS (KOHA) | |
| Source of classification or shelving scheme | Dewey Decimal Classification |
| Item type | English Books |
| Classification part | 001.42 |
| Call number suffix | KAL |
| Withdrawn status | Lost status | Not for loan | Collection code | Home library | Current library | Date acquired | Source of acquisition | Cost, normal purchase price | Full call number | Barcode | Copy number | Cost, replacement price | Koha item type |
|---|---|---|---|---|---|---|---|---|---|---|---|---|---|
| Non-fiction | Ashok Vihar | Ashok Vihar | 30/04/2024 | DBAD | 250.00 | 001.42 KAL | EN-123762 | 1 | 250.00 | English Books | |||
| Non-fiction | R.K.Puram-8 | R.K.Puram-8 | 10/12/2024 | Delivery of Books Division | 1100.00 | 001.42 KAL | EN-126458 | 1 | 1100.00 | English Books |
